| 000 | 01519nam0a2200337 4500 | ||
|---|---|---|---|
| 001 | RU\NLR\bibl\1701563 | ||
| 005 | 20260406091644.0 | ||
| 010 |
_a978-5-9757-0525-9 _97000 |
||
| 021 |
_aRU _b2010-78809 _95254 |
||
| 035 | _a(nilc)RSL-KNO-004749690 | ||
| 035 | _a(NLR Aleph) 001692639 | ||
| 090 |
_a1170470 _c1170470 |
||
| 100 | _a20101018d2010 |||y0rusy50 ca | ||
| 101 | 1 |
_arus _cest |
|
| 102 | _aRU | ||
| 105 | _ay zzzz||||| | ||
| 200 | 1 |
_aЖенские болезни _e[как распознать предрасположенность и исцелиться от: заболеваний груди, патологий беременности и родов, гинекологических болезней, бесплодия] _fЛууле Виилма _g[пер. с эстон. И. Рююдья] |
|
| 210 |
_aЕкатеринбург _cУ-Фактория _d2010 |
||
| 215 |
_a122, [5] с. _cтабл. _d20 |
||
| 225 | 1 | _aИсцеление души и тела | |
| 225 | 1 | _aПрактический курс | |
| 320 | _aАлф. указ.: с. 122 | ||
| 606 | 1 |
_aГинекологические болезни _jПопулярные издания _xПсихотерапия _91450927 _3RU\NLR\auth\66304773 |
|
| 686 |
_aР715я9 _2rubbk |
||
| 686 | _aР715-57я9 | ||
| 700 | 1 |
_4070 _8rus _7ca _aВиилма _bЛ. _f1950-2002 _gЛууле _3RU\NLR\auth\7761419 _944349 |
|
| 801 | 0 |
_aRU _bРГБ _c20101018 _grcr |
|
| 801 | 1 |
_aRU _bРГБ _c20101018 |
|
| 801 | 2 |
_aRU _bNLR _c20101118 _grcr |
|
| 942 | _cBOOK | ||
| 980 | _aNB | ||